000 01386nam a2200253Ia 4500
003 Ost
005 20260507075208.0
008 260507s9999||||xx |||||||||||||| ||und||
020 _a93952499539
040 _cfsecg
041 _aara
082 _a330
100 _aأبي خليل، رودريك ايليا
_eمؤلف
245 0 _aالعقوبات الاقتصادية الدولية :
_bفي القانون الدولي بين الفعالية و حقوق الانسان /
_c رودريك ايليا أبي خليل
260 _aبيروت:
_bمنشورات الحلبي الحقوقية,
_c2009
300 _a270 صفحة؛
_c24 سم
504 _aمراجع ص.205 ؛ ملاحق ص.219
520 _aتطور مفهوم الامن الانساني كنظرية معيارية ، مابين التنمية و الامن الانساني ، العقوبات كجزاء في العلاقات الدولية ، نجاح العقوبات بين معايير القياس و الضوابط الاخلاقية ، العراق مابين القرارات الدولية و المنأساة اليومية ، العقوبات الاقتصادية قوضت النظلم العراقي أم قوته .
653 _aالاقتصاد الدولي
653 _aالعقوبات
653 _aالقانون الدولي
653 _aحقوق الإنسان
942 _cكتاب
999 _c43446
_d43446